000 01330nac a22003497a 4500
001 BR8500271
003 BR-BrBNA
005 20240105120227.0
008 230509b bl.|||m| |||| 00| 0 por d
040 _aBR-BrBNA
_bpor
_cBiblioteca Nacional de Agricultura
072 _aH10
090 _a0430 BR8500271
100 1 _aCruz, V.R. da
100 1 _aRamos, S.M.G.
110 1 _aCoordenadoria de Assistencia Tecnica Integral, Campinas, SP (Brasil)
245 1 _aAlgodao - resultados do controle integrado de pragas no estado de Sao Paulo - ano 2 ano agricola 1983/84 [Gossypium spp., inseto, inseticida, controle quimico, Brasil]
246 1 _a[Cotton - results of the integrated control of pests in the state of Sao Paulo - 2nd year agricultural year 1983/84 [Gossypium spp., insect, insecticide, chemical control, Brazil]]
260 3 _aCampinas, SP (Brasil):
_c1984.
300 _a13 p.
490 _aDocumento Tecnico - Coordenadoria de Assistencia Tecnica Integral (Brazil)
_vno. 51
_xISSN 0101-0344
650 _aALGODAO
650 _aCURUQUERE
650 _aPULGAO
650 _aLAGARTA
650 _aTRATAMENTO FITOSSANITARIO
650 _aINSETICIDA
650 _aCUSTO
650 _aRENDIMENTO
650 _aSAO PAULO
909 _a202312
_bLúcia Elande
_c55
_dLúcia Elande
942 _2AGRIS
_n0
_cMS
999 _c278424
_d278424